000 00208nam a22000857a 4500
999 _c11461
_d11461
008 190525b ||||| |||| 00| 0 eng d
100 _aRiley Peter
_97180
245 _aMagnetism
260 _aNewyork
_bFranklin Watts